Statistiques concernant Culture Générale - Série 2495

Cliquez ici pour prendre le quiz!

Statistiques générales

  • Ce quiz a été pris 139 fois
  • Le résultat moyen est 4 sur 10

Statistiques - réponses

QuestionRéponse% Correct
Dans quel pays se trouve la ville d'Omsk ?Russie
79%
Quel verbe familier signifie "Apprécier, aimer ; prendre du plaisir à ?kifer
69%
Dans quel pays se trouve la ville de Tsu ?Japon
54%
Quel était le nom de plume de la femme de lettres, dramaturge, scénariste et réalisatrice française Marguerite Donnadieu (1914-1996)- auteur du roman "Un barrage contre le Pacifique" ? prénom et nomMarguerite Duras
43%
Qui a écrit "Le blé en herbe" en 1923 ? voir photoColette
41%
Dans quelle partie du corps humain trouve-t-on l'utricule ?oreille
34%
Qui a écrit "Le hussard sur le toit" en1951 ? prénom et nomJean Giono
31%
Dans quel pays se trouve la ville de Riesa ?Allemagne
13%
Polygone à neuf angles et neuf côtésennéagone
8%
Quelle rivière française, du Massif central, longue de 120 km, coule dans les départements du Cantal, de la Corrèze, et du Lot ?Cère
1%

Distribution des résultats

Percentile par nombre de réponses

% des personnes avec chaque résultat

Votre développement - résultats

Vous n’avez pas pris ce quiz